000 00959nam a2200277 i 4500
001 bg
245 C _aProceedings of the 7th American Water Jet Conference. Vol.2 :
_bAugust 28-31, 1993 Seatle, Washington /
_ced. Mohamed Hashish.
260 _aSt. Louis :
_bWater Jet Technology Association,
_c1993.
300 _aXII, 473-962, 4 s. :
_bfot., rys., wykr. ;
_c27 cm.
504 _aBibliogr. przy ref. - Indeks.
650 9 _aWysokociƛnieniowa struga wody
_xstosowanie
650 9 _aHydromechanika
655 _aMateriaƂy konferencyjne
700 1 _aHASHISH, Mohamed.
_eRed.
020 _a1880342030 (Vol.1)
020 _a1880342049 (2 Vol.Set)
040 _cBPK
041 0 _aen
041 0 _aen
080 _a532(061)
920 _a1-880342-03-0 (Vol.1)
920 _a1-880342-04-9 (2 Vol.Set)
942 _cKS
008 s pl f |000 0 pol
999 _c39887
_d39887
856 _uhttp://koha.tu.koszalin.pl/cgi-bin/koha/opac-detail.pl?biblionumber=39887
_yKatalog online BPK